[Event "Schalksmühle - Bonn Beuel"]
[Site "Schalksmühle"]
[Date "2023.09.10"]
[Round "1.1"]
[White "Haag, Martin"]
[Black "Jansen, Dirk Norbert"]
[Result "1-0"]
[WhiteElo "2220"]
[BlackElo "2098"]
[PlyCount "41"]
[EventDate "2023.??.??"]
[SourceVersionDate "2020.03.16"]

1. c4 c5 2. Nf3 Nc6 3. e3 Nf6 4. d4 cxd4 5. exd4 d5 6. Nc3 Bg4 7. cxd5 Nxd5 8. Qb3 Bxf3 9. gxf3 e6 10. Qxb7 Nxd4 11. Bb5+ Nxb5 12. Qc6+ Ke7 13. Qc5+ Ke8 14. Qxb5+ Qd7 15. Nxd5 exd5 16. Qd3 Bb4+ 17. Kf1 Rc8 18. Kg2 h5 19. h4 Rc4 20. Be3 Bc5 21. b3 1-0

[Event "Schalksmühle - Bonn Beuel"]
[Site "Schalksmühle"]
[Date "2023.09.10"]
[Round "1.2"]
[White "Lutze, Max"]
[Black "Hoppe, Thilo"]
[Result "1-0"]
[WhiteElo "1933"]
[BlackElo "2112"]
[PlyCount "78"]
[EventDate "2023.??.??"]
[SourceVersionDate "2020.03.16"]

1. e4 e6 2. Nc3 d5 3. Nf3 dxe4 4. Nxe4 Nd7 5. d4 Ngf6 6. Nxf6+ Nxf6 7. Bd3 c5 8. dxc5 Bxc5 9. O-O O-O 10. Bg5 Be7 11. c3 h6 12. Bh4 Nd5 13. Bg3 Bd7 14. Ne5 Be8 15. Qe2 Qb6 16. a3 Rd8 17. c4 Nf6 18. b4 a6 19. Rac1 a5 20. c5 Qa7 21. Nc4 Bb5 22. Bc7 Rd4 23. Bb6 Qb8 24. c6 Rd5 25. c7 Qc8 26. Bxa5 Bxc4 27. Bxc4 Rg5 28. Rfd1 Rxa5 29. bxa5 Qxc7 30. Bb5 Qxa5 31. a4 Ba3 32. Rc4 b6 33. Qe5 Bc5 34. Rf4 Rc8 35. h3 Nd5 36. Rg4 Bf8 37. Rd3 Rc1+ 38. Kh2 Re1 39. Qb8 Ne7 1-0

[Event "Schalksmühle - Bonn Beuel"]
[Site "Schalksmühle"]
[Date "2023.09.10"]
[Round "1.3"]
[White "Gikas, Andreas Basilius"]
[Black "Luettich, Bodo"]
[Result "1-0"]
[WhiteElo "2120"]
[BlackElo "2068"]
[PlyCount "125"]
[EventDate "2023.??.??"]
[SourceVersionDate "2020.03.16"]

1. e4 d5 2. exd5 Qxd5 3. Nc3 Qa5 4. d4 c6 5. Bc4 Nf6 6. Nf3 Bg4 7. h3 Bh5 8. g4 Bg6 9. Ne5 Nbd7 10. Nxd7 Nxd7 11. Bd2 Qb6 12. d5 cxd5 13. Bxd5 e6 14. Qe2 O-O-O 15. Bg2 h5 16. O-O-O hxg4 17. hxg4 Rxh1 18. Bxh1 Qc7 19. Bg5 f6 20. Be3 a6 21. Ba7 Bc5 22. Bxc5 Nxc5 23. Rxd8+ Kxd8 24. Qc4 b5 25. Qd4+ Ke7 26. f4 Na4 27. Qb4+ Qc5 28. Qxc5+ Nxc5 29. b4 Nd7 30. Bb7 Nb8 31. a4 Be8 32. a5 Kd6 33. Ne4+ Kc7 34. Nc5 Nd7 35. Nxd7 Bxd7 36. Bxa6 e5 37. fxe5 fxe5 38. g5 Kc6 39. c4 bxc4 40. Bxc4 Bg4 41. Kd2 Kd6 42. Ke3 Bd7 43. Bd3 Bc6 44. Be4 Bb5 45. Bb7 Bf1 46. a6 Kc7 47. Ke4 Kb6 48. Kxe5 Bc4 49. Kd6 Bd3 50. Ke7 Bc2 51. Kf7 g6 52. Ke6 Bb3+ 53. Kf6 Bc2 54. Ke5 Bb3 55. b5 Bc4 56. Bc6 Bd3 57. Kf6 Ka7 58. Ke7 Kb6 59. Kd8 Bf5 60. Bd7 Be4 61. Kc8 Ka7 62. Kc7 Bf3 63. Bc6 1-0

[Event "Schalksmühle - Bonn Beuel"]
[Site "Schalksmühle"]
[Date "2023.09.10"]
[Round "1.4"]
[White "Schmidt, Volker"]
[Black "Rosskothen, Arnd"]
[Result "1/2-1/2"]
[WhiteElo "1984"]
[BlackElo "2107"]
[PlyCount "41"]
[EventDate "2023.??.??"]
[SourceVersionDate "2020.03.16"]

1. e4 e5 2. Nc3 Nc6 3. Bc4 Nf6 4. f4 Bc5 5. Nf3 d6 6. d3 a6 7. Bb3 Bg4 8. h3 Bd7 9. Ne2 Qe7 10. Ng3 O-O-O 11. Qe2 h6 12. Bd2 exf4 13. Bxf4 Be6 14. Bxe6+ Qxe6 15. c4 Nd7 16. O-O-O Nd4 17. Nxd4 Bxd4 18. Nf5 Bf6 19. Rhf1 g6 20. Ne3 Be5 21. Qg4 1/2-1/2

[Event "Schalksmühle - Bonn Beuel"]
[Site "Schalksmühle"]
[Date "2023.09.10"]
[Round "1.6"]
[White "Ertelt, Pornchai"]
[Black "Koch, Matthias"]
[Result "1-0"]
[WhiteElo "1736"]
[BlackElo "1926"]
[PlyCount "89"]
[EventDate "2023.??.??"]
[SourceVersionDate "2020.03.16"]

1. c4 f5 2. g3 Nf6 3. Bg2 e6 4. Nc3 Be7 5. Nf3 O-O 6. O-O d5 7. Qb3 c6 8. cxd5 exd5 9. d4 Ne4 10. Ne1 Nd6 11. Nd3 Nd7 12. f3 Kh8 13. a4 a5 14. Qc2 Qb6 15. e3 Nf7 16. Rb1 Nf6 17. Ne2 Nd6 18. b3 Qc7 19. Nc3 Be6 20. Nc5 Bf7 21. Ne2 Rae8 22. Nf4 Qc8 23. Bd2 Bd8 24. Ncd3 Nd7 25. Rfe1 Qc7 26. Bh3 g5 27. Ne2 Bh5 28. Bg2 Bg6 29. Qc3 Bf6 30. Nec1 b6 31. Ne2 Rc8 32. Rbc1 Rfe8 33. f4 Ne4 34. Bxe4 fxe4 35. Ne5 Nxe5 36. dxe5 Be7 37. Nd4 Bc5 38. e6 Kg8 39. Rf1 Bxd4 40. Qxd4 Bf5 41. Bc3 Rxe6 42. Qh8+ Kf7 43. Qg7+ Ke8 44. Qg8+ Ke7 45. Qxg5+ 1-0

[Event "Schalksmühle - Bonn Beuel"]
[Site "Schalksmühle"]
[Date "2023.09.10"]
[Round "1.8"]
[White "Kernchen, Peter"]
[Black "Auschkalnis, Reinhard"]
[Result "1-0"]
[WhiteElo "1509"]
[BlackElo "1669"]
[PlyCount "115"]
[EventDate "2023.??.??"]
[SourceVersionDate "2020.03.16"]

1. d4 c5 2. Nf3 Nf6 3. e3 e6 4. Bd3 cxd4 5. Nxd4 Be7 6. b3 Nc6 7. O-O O-O 8. Bb2 d5 9. c4 Nb4 10. Be2 Bd7 11. a4 e5 12. Nf3 e4 13. Nd4 a6 14. Na3 Rc8 15. Nac2 Nc6 16. h3 dxc4 17. Bxc4 Na5 18. Be2 Qb6 19. b4 Nc4 20. Bxc4 Rxc4 21. a5 Qa7 22. Rc1 Rfc8 23. Qd2 Qb8 24. Ne2 Bb5 25. Nc3 Rd8 26. Qe1 Rxb4 27. Nxb5 Rxb5 28. Bd4 Rc8 29. Qd2 Nd5 30. Rb1 Rxb1 31. Rxb1 Bf6 32. Nb4 Nc3 33. Re1 Qd6 34. Bxc3 Qxd2 35. Bxd2 h6 36. Kf1 Rc5 37. Rc1 Rxa5 38. Rc4 Re5 39. Bc3 Re6 40. Bxf6 gxf6 41. Ke2 b5 42. Rc6 a5 43. Rxe6 fxe6 44. Nc6 a4 45. Kd2 Kf7 46. Kc3 e5 47. Na7 a3 48. Kb3 b4 49. Nc6 Kg6 50. Nxb4 f5 51. Nd5 Kg5 52. Kxa3 h5 53. Kb3 f4 54. Kc3 h4 55. Kc4 f3 56. gxf3 exf3 57. Kd3 Kf5 58. e4+ 1-0

[Event "Wattenscheid 2- Ennepe"]
[Site "?"]
[Date "2023.09.10"]
[Round "1.1"]
[White "Arndt, Stefan"]
[Black "Schroeder, Wilfried"]
[Result "1-0"]
[WhiteElo "2129"]
[BlackElo "2157"]
[PlyCount "97"]
[EventDate "2023.??.??"]
[SourceVersionDate "2020.03.16"]

1. d4 d5 2. Nf3 e6 3. c4 c6 4. e3 f5 5. Be2 Nf6 6. O-O Bd6 7. b3 Qe7 8. a4 Ne4 9. Ba3 Bxa3 10. Nxa3 Nc3 11. Qc2 Nxe2+ 12. Qxe2 Nd7 13. a5 b6 14. cxd5 exd5 15. Rfc1 Qe6 16. Nc2 bxa5 17. Rxa5 Bb7 18. Nb4 O-O 19. Nd3 f4 20. Re1 fxe3 21. Qxe3 Qxe3 22. Rxe3 a6 23. Nfe5 Nxe5 24. Rxe5 Bc8 25. f3 Rb8 26. Nc5 Rb6 27. Kf2 Kf7 28. Ke3 Rd8 29. Kd3 g6 30. Kc3 Re8 31. Rxe8 Kxe8 32. Ra2 Kf7 33. Re2 Rb8 34. g4 Ra8 35. Nd3 Ra7 36. Ne5+ Kf8 37. Kb4 Rb7+ 38. Ka3 Rc7 39. Rc2 Bb7 40. Kb4 Ke7 41. Nd3 Kd6 42. Re2 Bc8 43. Re8 Rb7+ 44. Kc3 Rc7 45. Nc5 a5 46. Kb2 Bd7 47. Rd8 Ra7 48. Ka3 h6 49. Ka4 1-0

[Event "Wattenscheid 2- Ennepe"]
[Site "?"]
[Date "2023.09.10"]
[Round "1.2"]
[White "Peter, Thomas"]
[Black "Tripolsky, Eugen"]
[Result "0-1"]
[WhiteElo "2184"]
[BlackElo "2284"]
[PlyCount "102"]
[EventDate "2023.??.??"]
[SourceVersionDate "2020.03.16"]

1. e4 c5 2. Nf3 d6 3. Bb5+ Bd7 4. a4 Nc6 5. O-O a6 6. Bc4 Nf6 7. Re1 e6 8. c3 Be7 9. d4 cxd4 10. Nxd4 Rc8 11. Bd3 O-O 12. Be3 Ne5 13. f3 d5 14. exd5 Nxd5 15. Bf2 Nxd3 16. Qxd3 Bf6 17. Nd2 Nf4 18. Qc2 e5 19. Ne2 Ne6 20. Ne4 Be7 21. Red1 Qc7 22. a5 f5 23. Bb6 Qc6 24. Nf2 Bc5 25. Qd2 Rf7 26. Bxc5 Nxc5 27. Qd5 Qf6 28. Nd3 Nxd3 29. Qxd3 Bb5 30. Qe3 f4 31. Qf2 Qg6 32. Rd2 Rcf8 33. Nc1 e4 34. fxe4 f3 35. g3 Qxe4 36. Nb3 h6 37. Nd4 Bd7 38. Re1 Qg6 39. Nc2 Qg5 40. Re3 Qxa5 41. Ne1 Bc6 42. h3 Qf5 43. Kh2 Bd7 44. h4 Qh3+ 45. Kg1 Bc6 46. Nd3 Rf5 47. Ne5 Re8 48. Nc4 Rxe3 49. Nxe3 Re5 50. Nf1 Qg2+ 51. Qxg2 fxg2 0-1

[Event "Wattenscheid 2- Ennepe"]
[Site "?"]
[Date "2023.09.10"]
[Round "1.3"]
[White "Heller, Achim"]
[Black "Lang, Daniel"]
[Result "1/2-1/2"]
[WhiteElo "2041"]
[BlackElo "2110"]
[PlyCount "148"]
[EventDate "2023.??.??"]
[SourceVersionDate "2020.03.16"]

1. d4 d5 2. c4 e6 3. cxd5 exd5 4. Nc3 Nf6 5. Bg5 Be7 6. e3 c6 7. Qc2 Nbd7 8. Bd3 h6 9. Bh4 Nh5 10. Bxe7 Qxe7 11. Nge2 Nb6 12. O-O O-O 13. Rab1 a5 14. a3 a4 15. b4 axb3 16. Qxb3 Nc4 17. Bxc4 dxc4 18. Qxc4 Rxa3 19. Qb4 Re8 20. Qxe7 Rxe7 21. Ra1 Rb3 22. Ra8 Re8 23. Rb1 Rxb1+ 24. Nxb1 Kf8 25. Nd2 Bg4 26. Rxe8+ Kxe8 27. f3 Be6 28. g4 Nf6 29. Nf4 Ba2 30. Nd3 Kd7 31. e4 Kc7 32. Kf2 b5 33. Ke3 Kb6 34. h3 Ne8 35. Nb4 Be6 36. f4 c5 37. dxc5+ Kxc5 38. Nd3+ Kc6 39. f5 Bc4 40. Ne5+ Kc5 41. Ndxc4 bxc4 42. Nxf7 c3 43. Kd3 Nf6 44. e5 Nd5 45. e6 Kc6 46. Ne5+ Kd6 47. Nc4+ Kc6 48. h4 Ne7 49. Ne3 Kd6 50. Kxc3 Ke5 51. h5 Ke4 52. Kd2 Ng8 53. Ke2 Nf6 54. Kf2 Kf4 55. e7 Ke5 56. Nc4+ Kd5 57. Ne3+ Kd6 58. Kf3 Kxe7 59. Kf4 Kf7 60. Ke5 Nd7+ 61. Kf4 Nf6 62. Kg3 Ke7 63. Ng2 Nd5 64. Nf4 Nxf4 65. Kxf4 Kf6 66. Kf3 Kg5 67. Kg3 Kf6 68. Kf4 Kf7 69. g5 hxg5+ 70. Kxg5 Kf8 71. h6 gxh6+ 72. Kxh6 Kf7 73. Kg5 Kg7 74. f6+ Kf8 1/2-1/2

[Event "Wattenscheid 2- Ennepe"]
[Site "?"]
[Date "2023.09.10"]
[Round "1.4"]
[White "Gohla, Ulf"]
[Black "Arakelian, Aik"]
[Result "1/2-1/2"]
[WhiteElo "2102"]
[BlackElo "2024"]
[PlyCount "102"]
[EventDate "2023.??.??"]
[SourceVersionDate "2020.03.16"]

1. d4 c5 2. d5 e5 3. e4 Nf6 4. Nc3 d6 5. Bb5+ Bd7 6. Bd3 b5 7. Nxb5 Nxe4 8. Bxe4 Bxb5 9. c4 Bd7 10. Qc2 g6 11. g3 Bg7 12. Bg2 O-O 13. Ne2 f5 14. f4 e4 15. Bd2 Na6 16. a3 Rb8 17. Bc3 Qb6 18. Bxg7 Kxg7 19. Rb1 Qb3 20. Qxb3 Rxb3 21. Nc1 Rb6 22. Kd2 Rfb8 23. Kc3 Nc7 24. Re1 a5 25. b3 h6 26. Re2 g5 27. fxg5 hxg5 28. g4 Re8 29. gxf5 Bxf5 30. Na2 Rh8 31. Bxe4 Rh3+ 32. Kd2 Bxe4 33. Rxe4 Rxh2+ 34. Kd3 Nxd5 35. cxd5 Rxa2 36. Ra4 Rg2 37. Rxa5 Rg4 38. Kc3 Rd4 39. b4 Rxd5 40. b5 Rf5 41. Ra7+ Kf6 42. a4 Rf3+ 43. Kd2 Ke5 44. a5 Rb8 45. b6 Kd4 46. Rd7 Rf2+ 47. Ke1 Ra2 48. Rxd6+ Ke5 49. Rg6 Kf5 50. Rh6 Rxa5 51. b7 Ra7 1/2-1/2

[Event "Wattenscheid 2- Ennepe"]
[Site "?"]
[Date "2023.09.10"]
[Round "1.5"]
[White "Bruchmann, Norbert"]
[Black "Schmedders, Hans- Gerd"]
[Result "1/2-1/2"]
[WhiteElo "2023"]
[BlackElo "2162"]
[PlyCount "40"]
[EventDate "2023.??.??"]
[SourceVersionDate "2020.03.16"]

1. d4 Nf6 2. Nc3 d5 3. Bf4 e6 4. Nb5 Na6 5. e3 c6 6. Nc3 b6 7. g4 h6 8. a3 Bd6 9. Qf3 Nc7 10. Qg3 Bxf4 11. Qxf4 Qe7 12. Nf3 Bb7 13. h4 O-O-O 14. Bh3 Nd7 15. g5 f6 16. g6 Rhe8 17. O-O-O Kb8 18. h5 c5 19. Qg3 Bc6 20. Rhe1 f5 1/2-1/2

[Event "Wattenscheid 2- Ennepe"]
[Site "?"]
[Date "2023.09.10"]
[Round "1.6"]
[White "Klueting, Reiner"]
[Black "Nasoyan, Maksim"]
[Result "1-0"]
[WhiteElo "1930"]
[BlackElo "1876"]
[PlyCount "91"]
[EventDate "2023.??.??"]
[SourceVersionDate "2020.03.16"]

1. e4 c5 2. Nf3 e6 3. d4 cxd4 4. c3 dxc3 5. Nxc3 d6 6. Bc4 Nc6 7. O-O Nf6 8. Qe2 Be7 9. Rd1 e5 10. h3 O-O 11. Bg5 Nh5 12. Be3 Be6 13. Bxe6 fxe6 14. Nxe5 Nxe5 15. Qxh5 Nc4 16. Qg4 Rf6 17. Bd4 e5 18. Qe2 Rc8 19. Bxa7 Rg6 20. Nd5 Bg5 21. b3 Na3 22. Be3 Nc2 23. Bxg5 Qxg5 24. Qg4 Qxg4 25. hxg4 Kf7 26. Rac1 Rc6 27. f3 Nd4 28. Kf2 Ke6 29. Rxc6 bxc6 30. Nf4+ exf4 31. Rxd4 Rg5 32. g3 Rc5 33. gxf4 Rc2+ 34. Ke3 Rxa2 35. f5+ Ke7 36. g5 Rg2 37. Kf4 Rb2 38. Rb4 c5 39. Rb7+ Kf8 40. Rb8+ Kf7 41. Rb7+ Kf8 42. f6 gxf6 43. gxf6 c4 44. Rc7 Rxb3 45. Kf5 Rb6 46. f4 1-0

[Event "Wattenscheid 2- Ennepe"]
[Site "?"]
[Date "2023.09.10"]
[Round "1.7"]
[White "Schaefer, Martin"]
[Black "Thelen, Thomas"]
[Result "1/2-1/2"]
[WhiteElo "1966"]
[BlackElo "1985"]
[PlyCount "34"]
[EventDate "2023.??.??"]
[SourceVersionDate "2020.03.16"]

1. d4 Nf6 2. c4 e6 3. g3 c5 4. d5 exd5 5. cxd5 d6 6. Bg2 g6 7. Nc3 Bg7 8. Nf3 O-O 9. O-O a6 10. a4 Re8 11. Nd2 Nbd7 12. h3 Qc7 13. Re1 Rb8 14. a5 b5 15. axb6 Nxb6 16. e4 Nfd7 17. Nb3 Nc4 1/2-1/2

[Event "Wattenscheid 2- Ennepe"]
[Site "?"]
[Date "2023.09.10"]
[Round "1.8"]
[White "Kasprowski, Henryk"]
[Black "Liesendahl, Felix"]
[Result "1/2-1/2"]
[WhiteElo "1735"]
[BlackElo "1740"]
[PlyCount "54"]
[EventDate "2023.??.??"]
[SourceVersionDate "2020.03.16"]

1. d4 Nf6 2. c4 e6 3. Nf3 d5 4. Nc3 c5 5. cxd5 Nxd5 6. e4 Nxc3 7. bxc3 cxd4 8. cxd4 Bb4+ 9. Bd2 Bxd2+ 10. Qxd2 O-O 11. Be2 b6 12. O-O Bb7 13. Qe3 Nd7 14. Rac1 Nf6 15. Bd3 h6 16. Rc2 Qe7 17. Rfc1 Rac8 18. Rxc8 Rxc8 19. Rxc8+ Bxc8 20. Qc1 Bb7 21. Qc2 Qd7 22. h3 Qc6 23. Qxc6 Bxc6 24. Nd2 g5 25. g3 Kf8 26. f3 Ke7 27. Kf2 Bb7 1/2-1/2

[Event "Bonn- Solingen 4"]
[Site "?"]
[Date "2023.09.10"]
[Round "1.1"]
[White "Fichtner, Ewald"]
[Black "Sharma, Vibhor"]
[Result "0-1"]
[WhiteElo "2072"]
[BlackElo "1869"]
[PlyCount "80"]
[EventDate "2023.??.??"]
[SourceVersionDate "2020.03.16"]

1. d4 Nf6 2. Nc3 g6 3. e4 d6 4. Nf3 Bg7 5. Be2 O-O 6. h3 Nc6 7. d5 Nb8 8. O-O e5 9. dxe6 Bxe6 10. Nd4 Qd7 11. f4 Nc6 12. Bb5 a6 13. Bxc6 bxc6 14. Qd3 c5 15. Nxe6 Qxe6 16. Bd2 Nd7 17. Nd5 Rfc8 18. f5 Qe8 19. f6 Bf8 20. h4 c6 21. Ne3 Qe5 22. Bc3 Qh5 23. Rad1 Re8 24. Nc4 Re6 25. Qh3 Nxf6 26. Rd3 Nxe4 27. g4 Qh6 28. Qf3 Ra7 29. Be1 d5 30. Ne3 Rf6 31. Qe2 Rxf1+ 32. Qxf1 c4 33. g5 Qh5 34. Rd4 Bc5 35. c3 f5 36. gxf6 Bxd4 37. cxd4 Rf7 38. Qg2 Rxf6 39. Ng4 Rf4 40. Ne5 Qd1 0-1

[Event "Bonn- Solingen 4"]
[Site "?"]
[Date "2023.09.10"]
[Round "1.2"]
[White "Mueller, Adrian"]
[Black "Boos, Markus"]
[Result "1/2-1/2"]
[WhiteElo "2010"]
[BlackElo "2127"]
[PlyCount "48"]
[EventDate "2023.??.??"]
[SourceVersionDate "2020.03.16"]

1. Nf3 Nf6 2. c4 c5 3. g3 Nc6 4. Bg2 e5 5. Nc3 Be7 6. O-O O-O 7. e3 d6 8. d4 Bg4 9. d5 Na5 10. Qd3 Qd7 11. e4 Nh5 12. Nd2 Bh3 13. Qc2 g6 14. f3 Bg5 15. Re1 Bxg2 16. Kxg2 Rae8 17. Nb3 Nxb3 18. axb3 Bxc1 19. Rexc1 a6 20. Qd2 f5 21. Rf1 Qd8 22. Rae1 Qb6 23. Re3 Kg7 24. Na4 Qc7 1/2-1/2

[Event "Bonn- Solingen 4"]
[Site "?"]
[Date "2023.09.10"]
[Round "1.3"]
[White "Auer, Martin"]
[Black "Horstmann, Olaf"]
[Result "1/2-1/2"]
[WhiteElo "2218"]
[BlackElo "2101"]
[PlyCount "33"]
[EventDate "2023.??.??"]
[SourceVersionDate "2020.03.16"]

1. c4 f5 2. g3 Nf6 3. Bg2 e6 4. Nc3 d5 5. cxd5 exd5 6. Nf3 c6 7. O-O Bd6 8. d3 O-O 9. e4 dxe4 10. dxe4 Qc7 11. Nd4 Nxe4 12. Nxe4 fxe4 13. Bxe4 Na6 14. Qc2 h6 15. Be3 Bh3 16. Rfd1 Rad8 17. Rac1 1/2-1/2

[Event "Bonn- Solingen 4"]
[Site "?"]
[Date "2023.09.10"]
[Round "1.4"]
[White "Limp, Roland"]
[Black "Waagener, Ulrich"]
[Result "1-0"]
[WhiteElo "1972"]
[BlackElo "2093"]
[PlyCount "79"]
[EventDate "2023.??.??"]
[SourceVersionDate "2020.03.16"]

1. c4 c6 2. d4 d5 3. Nf3 dxc4 4. g3 Nf6 5. Bg2 g6 6. O-O Bg7 7. a4 Bf5 8. Na3 Nd5 9. Nh4 Be6 10. Nxc4 O-O 11. Nf3 Na6 12. Ng5 Bg4 13. h3 Bc8 14. e3 h6 15. Ne4 Be6 16. Qe2 Qd7 17. Kh2 Rac8 18. Rd1 Nb6 19. Na5 Nd5 20. Bd2 f5 21. Nc3 Nab4 22. Nxd5 Nxd5 23. Nc4 b6 24. Ne5 Qe8 25. Rac1 Bxe5 26. dxe5 Kh7 27. e4 fxe4 28. Bxe4 Qf7 29. f4 Kg7 30. Rf1 Bf5 31. Bf3 Kh7 32. g4 Bd7 33. Be4 e6 34. g5 hxg5 35. fxg5 Qg7 36. Rf6 Kh8 37. Rxg6 Qxe5+ 38. Kh1 Rf7 39. Rh6+ Kg7 40. Rh7+ 1-0

[Event "Bonn- Solingen 4"]
[Site "?"]
[Date "2023.09.10"]
[Round "1.5"]
[White "Rittmann, Dirk"]
[Black "Nasirov, Ruslan"]
[Result "1/2-1/2"]
[WhiteElo "2108"]
[BlackElo "1989"]
[PlyCount "27"]
[EventDate "2023.??.??"]
[SourceVersionDate "2020.03.16"]

1. e4 c5 2. Nf3 d6 3. d4 Nf6 4. Nc3 cxd4 5. Nxd4 g6 6. Be3 Bg7 7. Be2 O-O 8. O-O Nc6 9. Nb3 Be6 10. f4 Rc8 11. Kh1 a5 12. Nd4 Bd7 13. Bf3 a4 14. Nxc6 1/2-1/2

[Event "Bonn- Solingen 4"]
[Site "?"]
[Date "2023.09.10"]
[Round "1.6"]
[White "Dehmel, Jens"]
[Black "Kushchan, Eduard"]
[Result "0-1"]
[WhiteElo "1964"]
[BlackElo "2029"]
[PlyCount "131"]
[EventDate "2023.??.??"]
[SourceVersionDate "2020.03.16"]

1. d4 Nf6 2. c4 e6 3. Nc3 d5 4. cxd5 exd5 5. Bg5 c6 6. Qc2 Nbd7 7. e3 Be7 8. Bd3 h6 9. Bh4 Nh5 10. Bxe7 Qxe7 11. Nge2 Nhf6 12. O-O O-O 13. Rab1 a5 14. a3 Re8 15. b4 axb4 16. axb4 b5 17. Ng3 Nb6 18. Rfe1 Be6 19. e4 dxe4 20. Ngxe4 Nfd5 21. Nc5 Qf6 22. Red1 Nxc3 23. Qxc3 Bd5 24. Ra1 Qg5 25. Bf1 Nc4 26. Qg3 Rxa1 27. Rxa1 Qd2 28. Rb1 Qxd4 29. Qd3 Qf6 30. h3 Ne5 31. Qg3 Ng6 32. f3 Nf4 33. Bd3 Nxd3 34. Nxd3 Qf5 35. Rd1 Bc4 36. Nf2 c5 37. bxc5 Qxc5 38. Kh2 Qb6 39. Ne4 Re6 40. Nd6 Qc5 41. Nxc4 bxc4 42. Qb8+ Kh7 43. Qb1+ g6 44. Qc2 c3 45. Rc1 Qe5+ 46. Kg1 Qe3+ 47. Kf1 Rd6 48. Re1 Qd4 49. Rc1 Qc4+ 50. Kg1 Rd2 51. Qe4 Qxe4 52. fxe4 c2 53. Kh2 Kg7 54. Kg3 Rd3+ 55. Kf2 Rc3 56. Ke2 Kf6 57. Kd2 Rg3 58. Rg1 c1=Q+ 59. Kxc1 Rd3 60. Rf1+ Ke6 61. Kc2 Rd7 62. Rf4 Ke5 63. g3 f6 64. h4 Rd6 65. Kc3 h5 66. g4 0-1

[Event "Bonn- Solingen 4"]
[Site "?"]
[Date "2023.09.10"]
[Round "1.7"]
[White "Koshel, Stanislav"]
[Black "Cremer, Jonas"]
[Result "1-0"]
[WhiteElo "1801"]
[BlackElo "1860"]
[PlyCount "137"]
[EventDate "2023.??.??"]
[SourceVersionDate "2020.03.16"]

1. c4 Nf6 2. d4 e6 3. g3 c5 4. d5 exd5 5. cxd5 d6 6. Nc3 g6 7. Nf3 Bg7 8. Bg2 O-O 9. O-O Re8 10. Bf4 Nh5 11. Bg5 Qa5 12. Nd2 h6 13. Be3 g5 14. Qc2 a6 15. Nc4 Qc7 16. a4 Nd7 17. Ne4 Bf8 18. f4 f5 19. Nc3 Nb6 20. Nxb6 Qxb6 21. Qd2 Bg7 22. Kh1 g4 23. Rfe1 Bd7 24. Bf2 Qb4 25. Qc2 b5 26. e4 fxe4 27. axb5 axb5 28. Rxa8 Rxa8 29. Bxe4 Nf6 30. Bg2 Re8 31. Ra1 Bf5 32. Qxf5 Qxb2 33. Re1 Qxf2 34. Rxe8+ Nxe8 35. Qe6+ Kf8 36. Nxb5 Qb2 37. Bf1 Qf2 38. Be2 Be5 39. Qxg4 Nf6 40. Qf3 Bd4 41. Qxf2 Bxf2 42. Kg2 Be1 43. Nxd6 Nxd5 44. Nf5 c4 45. Bxc4 Ne7 46. Nxh6 Kg7 47. Ng4 Bc3 48. Ne3 Bb2 49. Kf3 Kf6 50. g4 Bc1 51. h4 Ng6 52. h5 Nf8 53. g5+ Kg7 54. Nf5+ Kh7 55. Bf7 Bb2 56. Ke4 Nd7 57. Bg6+ Kg8 58. Nd6 Nf8 59. Bf5 Bc1 60. g6 Ba3 61. Nc4 Be7 62. h6 Bf6 63. Ne3 Nh7 64. Nd5 Ba1 65. gxh7+ Kh8 66. Nc7 Be5 67. Ne6 Bxf4 68. Nd8 Bxh6 69. Nf7+ 1-0

[Event "Bonn- Solingen 4"]
[Site "?"]
[Date "2023.09.10"]
[Round "1.8"]
[White "Moos, Gerd"]
[Black "Gonzalez, Gregorio"]
[Result "1/2-1/2"]
[WhiteElo "1879"]
[BlackElo "1848"]
[PlyCount "52"]
[EventDate "2023.??.??"]
[SourceVersionDate "2020.03.16"]

1. d4 d5 2. c4 e6 3. Nc3 Nf6 4. cxd5 exd5 5. Bg5 c6 6. e3 Be7 7. Bd3 O-O 8. Qc2 h6 9. Bf4 Re8 10. Nf3 Nbd7 11. h3 Nf8 12. O-O Bd6 13. Bxd6 Qxd6 14. Rab1 a5 15. a3 N8d7 16. Rfe1 b5 17. e4 dxe4 18. Nxe4 Nxe4 19. Bxe4 Bb7 20. Rbc1 Rac8 21. Re3 Nf6 22. Rce1 Red8 23. Bf5 Rc7 24. Qe2 Bc8 25. Bb1 Be6 26. Qc2 c5 1/2-1/2

[Event "Hellertal- Niederkassel"]
[Site "?"]
[Date "2023.09.10"]
[Round "1.1"]
[White "Stanetzek, Carsten"]
[Black "Rahimi, Rahim"]
[Result "0-1"]
[WhiteElo "2158"]
[BlackElo "2045"]
[PlyCount "92"]
[EventDate "2023.??.??"]
[SourceVersionDate "2020.03.16"]

1. e4 Nc6 2. Nf3 e5 3. Bc4 h6 4. O-O d6 5. Nc3 Bg4 6. h3 Bh5 7. Re1 Nf6 8. g4 Bg6 9. d3 Be7 10. Be3 Qd7 11. Kh2 Nh7 12. Nd5 Bd8 13. a4 h5 14. g5 h4 15. Qd2 Nf8 16. Rg1 Bh5 17. Nxh4 g6 18. Rg3 Ne6 19. c3 Na5 20. f4 c6 21. Nf6+ Bxf6 22. gxf6 Nxc4 23. dxc4 exf4 24. Bxf4 O-O-O 25. Be3 Nc5 26. Bxc5 dxc5 27. Qxd7+ Rxd7 28. Nf3 Bxf3 29. Rxf3 Rd2+ 30. Kg3 Re2 31. Rd1 Rxe4 32. Rfd3 Re6 33. Rd6 Rxd6 34. Rxd6 Kc7 35. Rd3 Re8 36. Kf4 Re2 37. Rf3 Kd6 38. Kg5 Ke6 39. b3 Re5+ 40. Kh6 Rf5 41. Re3+ Kxf6 42. Kh7 g5 43. Kh6 Rf4 44. Kh7 Rh4+ 45. Kg8 Kg6 46. Rd3 f5 0-1

[Event "Hellertal- Niederkassel"]
[Site "?"]
[Date "2023.09.10"]
[Round "1.2"]
[White "Mueller, Sven"]
[Black "Kneutgen, Alexander"]
[Result "1-0"]
[WhiteElo "2136"]
[BlackElo "2053"]
[PlyCount "55"]
[EventDate "2023.??.??"]
[SourceVersionDate "2020.03.16"]

1. e4 e6 2. d4 d5 3. Nc3 Nf6 4. Bg5 Bb4 5. e5 h6 6. Bd2 Bxc3 7. bxc3 Ne4 8. Bc1 c5 9. Ne2 Nc6 10. f3 Ng5 11. Ba3 c4 12. h4 Nh7 13. Qc1 Bd7 14. Rb1 b6 15. Nf4 Ne7 16. Nh5 Rg8 17. g4 Nf8 18. Qxh6 Nf5 19. Qg5 Qxg5 20. hxg5 Ne3 21. Kd2 Nxf1+ 22. Rbxf1 O-O-O 23. f4 Ba4 24. Be7 Re8 25. Bd6 Nd7 26. f5 g6 27. fxe6 fxe6 28. Nf6 1-0

[Event "Hellertal- Niederkassel"]
[Site "?"]
[Date "2023.09.10"]
[Round "1.3"]
[White "Schracke, Guido"]
[Black "Petri, Wolfgang"]
[Result "1/2-1/2"]
[WhiteElo "2150"]
[BlackElo "1953"]
[PlyCount "103"]
[EventDate "2023.??.??"]
[SourceVersionDate "2020.03.16"]

1. e4 c5 2. c3 b6 3. Nf3 Bb7 4. Bd3 Nf6 5. Qe2 e6 6. O-O Be7 7. Bc2 O-O 8. Re1 Nc6 9. d3 Rc8 10. Nbd2 d5 11. e5 Nd7 12. Nf1 Re8 13. Ng3 Nf8 14. d4 cxd4 15. cxd4 Nb4 16. Bb1 Qc7 17. Be3 Ba6 18. Qd2 Nc6 19. Rc1 Qd7 20. Nh5 Na5 21. b3 Rxc1+ 22. Qxc1 Rc8 23. Qd2 Qb5 24. Bc2 Qe2 25. Qxe2 Bxe2 26. Bd1 Bxd1 27. Rxd1 Ba3 28. Ne1 Nd7 29. Nf4 Kf8 30. Nfd3 Ke7 31. g4 f6 32. Kg2 fxe5 33. dxe5 Nc6 34. Nc2 Bc5 35. Nxc5 Nxc5 36. f4 Ne4 37. Ne1 Nb4 38. Kf3 a5 39. Bxb6 Rc3+ 40. Kg2 Nxa2 41. Bxa5 Rxb3 42. Nd3 Kd7 43. f5 Ra3 44. Be1 Nac3 45. Bxc3 Rxc3 46. Nf4 Rc2+ 47. Kg1 Nd2 48. fxe6+ Ke7 49. Kf2 Nc4+ 50. Kg3 Rc3+ 51. Kf2 Rc2+ 52. Kg3 1/2-1/2

[Event "Hellertal- Niederkassel"]
[Site "?"]
[Date "2023.09.10"]
[Round "1.4"]
[White "Reiffenrath, Christian"]
[Black "Kroener, Alexander"]
[Result "1/2-1/2"]
[WhiteElo "1825"]
[BlackElo "1948"]
[PlyCount "44"]
[EventDate "2023.??.??"]
[SourceVersionDate "2020.03.16"]

1. d4 Nf6 2. Bf4 e6 3. e3 d5 4. Bd3 Bd6 5. Bg3 b6 6. c3 Bb7 7. Nd2 Nbd7 8. Qe2 e5 9. e4 dxe4 10. Nxe4 Nxe4 11. Bxe4 Bxe4 12. Qxe4 O-O 13. O-O-O Nf6 14. Qc6 Qe8 15. Qf3 e4 16. Qe2 Qe6 17. Kb1 c5 18. Nh3 Bxg3 19. hxg3 Rfe8 20. Nf4 Qf5 21. Ka1 Rad8 22. dxc5 Rxd1+ 1/2-1/2